000
00291nam a22001337a 4500
008
181030b xxu||||| |||| 00| 0 eng d
020
_a
9780198264675
041
_a
eng
080
_a
101
100
_a
24
101
_a
FIL
245
_a
Idealism and the Man
_c
Berkeley, G
942
_2
udc
_c
BK
999
_c
51127
_d
51127